Dream Smp Members - Statistics

General Stats
  • This quiz has been taken 126 times
  • The average score is 30 of 33
Answer Stats
Hint Answer % Correct
Owns the Smp Dream
100%
Colorblind George
100%
The 3rd Dream Team member Sapnap
100%
Muffin man BadBoyHalo
98%
DISC! Tommy
98%
Bee man Tubbo
98%
Furry Fundy
97%
2nd girl Niki
97%
Diamond man Skeppy
97%
Created L'manberg Wilbur
97%
The first girl Alyssa
96%
They eat pants Connor
96%
Their name is a color Purpled
96%
The deer man Callahan
95%
Traitor of L'manberg Eret
95%
L'manifold- Jack
95%
Time travel man Karl
95%
The potato farmer Technoblade
95%
The rose girl Hannah
94%
Created Sam Nook Awesamdude
93%
Died of a heart attack Schlatt
93%
They killed their son Philza
92%
The bomb- Hbomb
91%
Lemon tree man Ponk
91%
Their very forgetful Ranboo
91%
Sheep girl Puffy
90%
Their a slime man Slimecicle
89%
The australian Lazarbeam
81%
Tommys idol Vikkstar
81%
Best singer ever Quackity
79%
The best builder Foolish
78%
Blondy Punz
78%
Another furry Ant
67%
No matching quizzes found
Score Distribution
Percent of People with Each Score
Percentile by Number Answered
Your Score History
You have not taken this quiz